Kraje w których mówi się innym językiem - Statystyki

Ogólne statystyki
  • Ten quiz został rozwiązany 82 razy
  • Średni wynik to 5 z 11
Statystyki odpowiedzi
Hint Odpowiadać % Poprawnych
Niderlandzki Belgia
86%
Angielski/Maltański Malta
71%
Hebrajski Izrael
70%
Fiński/szwedzki Finlandia
53%
Niemiecki/francuski Szwajcaria
50%
Angielski/Chiński Singapur
29%
Hiszpański Peru
26%
Angielski Południowa Afryka
26%
Hiszpański Boliwia
19%
Hiszpański Paragwaj
13%
Francuski/angielski Canada
11%
Nie znaleziono quizów pasujących do podanych kryteriów
Rozkład punktacji
Procent ludzi z każdym wynikiem
Percentyl według liczby udzielonych odpowiedzi
Twoja historia wyników
Nie rozwiązałeś tego quizu